| 000 | 01204cac a2200373 i 4500 | ||
|---|---|---|---|
| 003 | EG-GICUC | ||
| 005 | 20260121101642.0 | ||
| 008 | 050804s2005 mnu fr 001 0 eng d | ||
| 020 |
_a0314161422 _qalk. paper |
||
| 020 |
_a0314166505 _qteacher's manual : alk. paper |
||
| 020 |
_a9780314161420 _q(alk. paper) |
||
| 020 |
_a9780314166500 _q(teacher's manual : alk. paper) |
||
| 040 |
_aDLC _cDLC _dDLC _dEG-GICUC _beng _erda |
||
| 043 | _an-us--- | ||
| 050 | 0 | 0 |
_aKF9430.A7 _bM34 2005 |
| 082 | 0 | 0 |
_a341.77 _221 |
| 092 | 0 | 4 | _221 |
| 099 | _aLaw 10 2005 | ||
| 100 | 1 | _aMaggs, Gregory E. | |
| 245 | 1 | 0 |
_aTerrorism and the law : _bcases and materials / _cby Gregory E. Maggs. |
| 264 |
_aSt. Paul, MN : _bThomson/West, _c2005. |
||
| 300 |
_axvii, 616 pages ; _c27 cm. |
||
| 336 |
_atext _btxt _2rdacontent |
||
| 337 |
_aunmediated _bn _2rdamedia |
||
| 338 |
_avolume _bnc _2rdacarrier |
||
| 440 | 0 | _aAmerican casebook series | |
| 500 | _aIncludes index. | ||
| 525 | _aKept up to date by supplements. | ||
| 650 | 0 |
_aTerrorism _zUnited States _vCases. |
|
| 650 | 0 |
_aTerrorism _vCases. |
|
| 856 | 4 | 0 | _uhttps://fll.law.cu.edu.eg/fulltext/bks/ENGB10-00145.pdf |
| 905 | _a10 | ||
| 942 |
_2ddc _cBK _e21 _n0 |
||
| 999 |
_c54262 _d54262 |
||